| 000 | 00627nam a2200157Ia 4500 | ||
|---|---|---|---|
| 008 | 240126s9999 xx 000 0 und d | ||
| 022 | _a0976-3341 | ||
| 041 | _aEnglish | ||
| 082 | _aLIBRARY-MBA | ||
| 245 | 0 | _aABBS Management Business and Entrepreneurship Review (AMBER) (2010- ) Formerly: Acharya Management Business and Entrepreneurship Review | |
| 260 |
_bAcharya's Banglore B-school _aBangalore |
||
| 440 | _aNULL | ||
| 650 | _aABBS,Management,Business,Entrepreneurship,Review,(AMBER),(2010-, , , Formerly, Achary, Managemen, Busines, an, Entrepreneurshi, Review,Management | ||
| 650 | _aManagement | ||
| 942 | _cJN | ||
| 999 |
_c275548 _d275548 |
||